[Event "Shah Alam Challenger"]
[Site "Shah Alam"]
[Date "2016.01.31"]
[Round "8"]
[White "Thanasegeren, Sangetavathy"]
[Black "Syabani, Muhammad Naqib"]
[Result "1-0"]
[WhiteElo "1545"]
[BlackElo "1306"]
[PlyCount "215"]
[EventDate "2016.01.23"]
[EventType "swiss"]
[EventRounds "9"]
[EventCountry "MAS"]
[SourceTitle "EXT 2017"]
[Source "ChessBase"]
[SourceDate "2016.10.25"]
[SourceVersion "1"]
[SourceVersionDate "2016.10.25"]
[SourceQuality "1"]

1. e4 c5 2. Nf3 d6 3. d4 e6 4. dxc5 dxc5 5. Qxd8+ Kxd8 6. Bc4 Nc6 7. 0-0 Bd7 8. Be3 Be7 9. Nc3 b6 10. Rab1 Nf6 11. h3 e5 12. Bb5 Nd4 13. Be2 Bd6 14. Bd1 Bc6 15. Nd2 Ke7 16. f3 Rhd8 17. Ne2 Bb5 18. c4 Bc6 19. Ng3 h6 20. Bxd4 cxd4 21. Nf5+ Kf8 22. Nxd6 Rxd6 23. b3 Rad8 24. g4 Kg8 25. Rf2 Nd7 26. Rb2 Nc5 27. Be2 Ne6 28. Bd1 Nf4 29. Rh2 Nd3 30. Rb1 Nf4 31. Nf1 g6 32. Rbb2 Kg7 33. Ng3 Kh7 34. Rbd2 a5 35. a3 d3 36. Nf1 Ne2+ 37. Kh1 Nf4 38. Ne3 Rf6 39. Nd5 Bxd5 40. cxd5 Rfd6 41. Rb2 f5 42. b4 a4 43. Bxa4 Ra8 44. Bb5 Rxa3 45. Rhd2 fxe4 46. fxe4 Nxh3 47. Rxd3 Rxd3 48. Bxd3 Rf6 49. Kh2 Nf2 50. Bb1 Nxg4+ 51. Kg3 Ne3 52. Rf2 Rxf2 53. Kxf2 Nc4 54. Bd3 Nd6 55. Kg3 Kg7 56. Kf3 Kf6 57. Kg4 h5+ 58. Kh4 b5 59. Bc2 Nc4 60. Bd3 Nd6 61. Bc2 Kg7 62. Bd3 Kh6 63. Bc2 g5+ 64. Kg3 h4+ 65. Kg4 Nc4 66. Bd1 Ne3+ 67. Kh3 Nc4 68. Bf3 Nd6 69. Kg4 Kg6 70. Bg2 Nc4 71. Bh3 Ne3+ 72. Kf3 Nc4 73. Bf5+ Kf6 74. Bg4 Nd2+ 75. Ke3 Nf1+ 76. Kf2 Nh2 77. Bd7 g4 78. Bxb5 g3+ 79. Kg2 Ng4 80. Bd7 Ne3+ 81. Kh3 Nc4 82. Bg4 Kg5 83. Be2 Nd6 84. Bf3 Kf4 85. Bg2 Nxe4 86. Bxe4 Kxe4 87. d6 Kf3 88. d7 g2 89. d8Q g1Q 90. Qd3+ Qe3 91. Qxe3+ Kxe3 92. b5 Kf3 93. b6 e4 94. b7 e3 95. b8Q e2 96. Qb3+ Kf2 97. Qc2 Kf3 98. Qd3+ Kf2 99. Qd2 Kf1 100. Qf4+ Ke1 101. Qxh4+ Kf1 102. Qf4+ Ke1 103. Kg2 Kd1 104. Qf3 Kd2 105. Qd5+ Ke1 106. Kf3 Kf1 107. Qd3 Ke1 108. Qxe2# 1-0

[Event "Shah Alam Challenger"]
[Site "Shah Alam"]
[Date "2016.01.30"]
[Round "7"]
[White "Hj Sapuan, Ngasiman"]
[Black "Thanasegeren, Sangetavathy"]
[Result "1-0"]
[WhiteElo "1532"]
[BlackElo "1545"]
[PlyCount "151"]
[EventDate "2016.01.23"]
[EventType "swiss"]
[EventRounds "9"]
[EventCountry "MAS"]
[SourceTitle "EXT 2017"]
[Source "ChessBase"]
[SourceDate "2016.10.25"]
[SourceVersion "1"]
[SourceVersionDate "2016.10.25"]
[SourceQuality "1"]

1. d4 d5 2. Nf3 c6 3. c4 e6 4. Nc3 Nf6 5. Bf4 Be7 6. e3 dxc4 7. Bxc4 b5 8. Bb3 0-0 9. 0-0 Nbd7 10. a3 a5 11. Ne5 Nxe5 12. Bxe5 Nd7 13. Bg3 Nb6 14. Qd3 Ba6 15. Bc2 g6 16. Qe4 Nd5 17. Nxd5 cxd5 18. Qf4 Bg5 19. Qf3 Qf6 20. Qxf6 Bxf6 21. Rfc1 Rfc8 22. Bd1 Rxc1 23. Rxc1 b4 24. axb4 axb4 25. h3 Bb5 26. Bd6 Re8 27. Bxb4 Bg7 28. Bc5 h5 29. Bf3 Bd3 30. b4 Rc8 31. Ra1 Bf8 32. Ra5 Rb8 33. g3 Bxc5 34. bxc5 Kg7 35. Kg2 Rb1 36. g4 hxg4 37. hxg4 Bf1+ 38. Kg3 g5 39. Bg2 Be2 40. Ra2 Bc4 41. Rc2 Rb7 42. f3 Rc7 43. f4 gxf4+ 44. Kxf4 f6 45. Rb2 Kf7 46. Bf3 Bd3 47. Be2 Be4 48. Rb6 Bc2 49. Bb5 Ke7 50. Ra6 Bg6 51. Ra5 Bf7 52. Bd3 Be8 53. g5 f5 54. Ra6 Kf7 55. Ke5 Rc6 56. Rxc6 Bxc6 57. Kd6 Ba4 58. c6 Bxc6 59. Kxc6 Kg6 60. Kd6 Kxg5 61. Kxe6 f4 62. exf4+ Kxf4 63. Kxd5 Ke3 64. Be4 Kf4 65. Bh1 Kf5 66. Kc6 Ke6 67. d5+ Ke7 68. Kc7 Kf6 69. d6 Ke6 70. d7 Kf5 71. d8Q Ke5 72. Qd6+ Kf5 73. Kc6 Kg4 74. Qf6 Kh3 75. Qg5 Kh2 76. Qg2# 1-0

[Event "Shah Alam Challenger"]
[Site "Shah Alam"]
[Date "2016.01.24"]
[Round "3"]
[White "Thanasegeren, Sangetavathy"]
[Black "Louis, Michael Daniel"]
[Result "1-0"]
[WhiteElo "1545"]
[BlackElo "1439"]
[PlyCount "27"]
[EventDate "2016.01.23"]
[EventType "swiss"]
[EventRounds "9"]
[EventCountry "MAS"]
[SourceTitle "EXT 2017"]
[Source "ChessBase"]
[SourceDate "2016.10.25"]
[SourceVersion "1"]
[SourceVersionDate "2016.10.25"]
[SourceQuality "1"]

1. e4 e5 2. Nf3 Nc6 3. Bc4 Bc5 4. c3 a6 5. b4 Bb6 6. 0-0 a5 7. b5 Nce7 8. Nxe5 d5 9. exd5 Nxd5 10. Nxf7 Kxf7 11. Qh5+ Kf8 12. Qxd5 Qf6 13. Ba3+ Ne7 14. Qd8# 1-0